EC trade policy and the Third World : (Record no. 140537)

MARC details
000 -LEADER
fixed length control field 00861cam a2200241 a 4500
008 - FIXED-LENGTH DATA ELEMENTS--GENERAL INFORMATION
fixed length control field
020 ## - INTERNATIONAL STANDARD BOOK NUMBER
International Standard Book Number 0717117510 (hbk. )
049 ## - LOCAL HOLDINGS (OCLC)
Holding library MAIN
090 ## - LOCALLY ASSIGNED LC-TYPE CALL NUMBER (OCLC); LOCAL CALL NUMBER (RLIN)
Classification number (OCLC) (R) ; Classification number, CALL (RLIN) (NR) HF1532
Local cutter number (OCLC) ; Book number/undivided call number, CALL (RLIN) MAT
003 - CONTROL NUMBER IDENTIFIER
control field
005 - DATE AND TIME OF LATEST TRANSACTION
control field 20230123125359.0
040 ## - CATALOGING SOURCE
Transcribing agency NUST
100 1# - MAIN ENTRY--PERSONAL NAME
Personal name Matthews, Alan.
245 10 - TITLE STATEMENT
Title EC trade policy and the Third World :
Remainder of title an Irish perspective /
Statement of responsibility, etc. Alan Matthews.
260 ## - PUBLICATION, DISTRIBUTION, ETC.
Place of publication, distribution, etc. Goldenbridge :
Name of publisher, distributor, etc. Gill and Macmillan,
Date of publication, distribution, etc. c1991.
300 ## - PHYSICAL DESCRIPTION
Extent xiv, 246 p. ;
Dimensions 23 cm.
504 ## - BIBLIOGRAPHY, ETC. NOTE
Bibliography, etc. note Includes bibliographical references.
500 ## - GENERAL NOTE
General note Includes index.
651 #0 - SUBJECT ADDED ENTRY--GEOGRAPHIC NAME
Geographic name European Economic Community countries
General subdivision Foreign economic relations
Geographic subdivision Developing countries.
651 #0 - SUBJECT ADDED ENTRY--GEOGRAPHIC NAME
Geographic name Developing countries
General subdivision Foreign economic relations
Geographic subdivision European Economic Community countries.
907 ## - LOCAL DATA ELEMENT G, LDG (RLIN)
a .b10306705
b 30-05-13
c 31-01-12
942 ## - ADDED ENTRY ELEMENTS (KOHA)
Koha item type Ordinary Loan Books
Call number prefix HF1532
Call number suffix MAT
Holdings
Date last seen Total Checkouts Full call number Barcode Cost, replacement price Price effective from Koha item type Lost status Source of classification or shelving scheme Damaged status Not for loan Collection Withdrawn status Home library Current library Shelving location Date acquired Cost, normal purchase price
01/23/2023   HF1532 MAT 92004023499 80.00 01/23/2023 BOOKS   LCC     NFIC   MAIN MAIN GEN 01/23/2023 80.00